| 000 | 01149nam a22003850a 4500 | ||
|---|---|---|---|
| 001 | PT13198 | ||
| 003 | AR-LpoUNG | ||
| 005 | 20210131232536.0 | ||
| 008 | 191001s2004||||ag |||||||||||||||||spa d | ||
| 020 |
_a9502312694 _c$6.66 |
||
| 040 |
_aAR-LpoUNG _bspa _cAR-LpoUNG _eaacr |
||
| 041 | _aspa | ||
| 044 | _aag | ||
| 082 | 0 | _a982.062 574per | |
| 100 | 1 | _aSigal, Silvia | |
| 245 | 1 | 0 |
_aPerón o muerte : _blos fundamentos discursivos del fenómeno peronista |
| 250 | _a1ra. ed., 1ra. reimp. | ||
| 260 |
_aBuenos Aires : _bEUDEBA, _c20034. |
||
| 300 |
_a255 p. : _bfot. |
||
| 520 | _a<p>La hipótesis básica de este libro es que una de las dimensiones fundamentales que permiten comprender la excepcionalidad del peronismo es la de su funcionamiento discursivo.</p> | ||
| 650 | 4 | _aARGENTINA | |
| 650 | 4 | _aASPECTOS POLITICOS | |
| 650 | 4 | _aEJERCITO | |
| 650 | 4 | _aESTADO | |
| 650 | 4 | _aIDEOLOGIAS | |
| 650 | 4 | _aTRABAJADORES | |
| 653 | _aJUVENTUD PERONISTA | ||
| 653 | _aPERONISMO | ||
| 653 | _aPUEBLO | ||
| 653 | _aVACIAMIENTO POLITICO | ||
| 653 | _aVERDAD | ||
| 700 | 1 | _aVerón, Eliseo | |
| 905 | _a13198 | ||
| 942 | _cLIB | ||
| 999 |
_c16209 _d16209 |
||